|
|
|
|
| LEADER |
00000nam0a2200000 4500 |
| 001 |
107953 |
| 005 |
20231031115455.0 |
| 035 |
|
|
|a (RuTPU)RU\TPU\book\116543
|
| 090 |
|
|
|a 107953
|
| 100 |
|
|
|a 20070110d1978 k y0rusy50 ca
|
| 101 |
0 |
|
|a rus
|
| 102 |
|
|
|a RU
|
| 105 |
|
|
|a y z 001zy
|
| 200 |
1 |
|
|a Социально-экономический строй и экономическая политика КНР 1949-1975
|f под ред. М. М. Никольского
|
| 210 |
|
|
|a Москва
|c Наука
|d 1978
|
| 215 |
|
|
|a 261 с.
|
| 320 |
|
|
|a Библиогр.: с. 253-259.
|
| 610 |
1 |
|
|a экономическая политика
|
| 610 |
1 |
|
|a Китай
|
| 610 |
1 |
|
|a Китайская Народная Республика
|
| 610 |
1 |
|
|a история
|
| 610 |
1 |
|
|a народная революция
|
| 610 |
1 |
|
|a культурная революция
|
| 675 |
|
|
|a 32И(5)Китай
|v 3
|
| 675 |
|
|
|a 33И(5)Китай
|v 3
|
| 702 |
|
1 |
|a Никольский
|b М. М.
|4 340
|
| 801 |
|
1 |
|a RU
|b 63413507
|c 20070110
|g PSBO
|
| 801 |
|
2 |
|a RU
|b 63413507
|c 20160211
|g PSBO
|
| 942 |
|
|
|c BK
|